| 000 | 00783nam a2200229 a 4500 | ||
|---|---|---|---|
| 999 |
_c6105 _d6105 |
||
| 001 | 6105 | ||
| 003 | BD-JhCC | ||
| 005 | 20180102095341.0 | ||
| 008 | 180101s2009 bg |||| ||a| 000 0 ben d | ||
| 035 | _a(BD-JhCC)6105 | ||
| 040 |
_aBD-JhCC _dBD-JhCC |
||
| 041 | _aben | ||
| 082 |
_a297.38 _bJAH 2009 |
||
| 100 | _aজাহাঙ্গীর, ড. খোন্দকার আব্দুল্লাহ | ||
| 245 |
_aমুনাজাত ও নামায / _cড. খোন্দকার আব্দুল্লাহ জাহাঙ্গীর |
||
| 260 |
_aঢাকা : _bআস-সুন্নাহ পাবলিকেন্স, _c২০০৯. |
||
| 300 |
_a64 p. : _c24 cm. |
||
| 650 |
_aPrayer _vIslam |
||
| 650 | _aSalat | ||
| 942 |
_2ddc _cBK |
||